Dân ca của người Tà Ôi
Giới thiệu di sản văn hóa phi vật thể phong phú và đa dạng của người Tà Ôi. Gồm nhiều thể loại như ca dao, câu đố, đồng giao, tục ngữ,...trong đó dân ca luôn hiện diện ở mọi nơi trong cộng đồng Tà Ôi...
保存先:
| フォーマット: | 図書 |
|---|---|
| 言語: | Undetermined |
| 出版事項: |
Hà Nội
Hội nhà văn
2016
|
| 主題: | |
| タグ: |
タグ追加
タグなし, このレコードへの初めてのタグを付けませんか!
|
| Thư viện lưu trữ: | Trung tâm Học liệu Trường Đại học Cần Thơ |
|---|
| LEADER | 00975nam a2200205Ia 4500 | ||
|---|---|---|---|
| 001 | CTU_216890 | ||
| 008 | 210402s9999 xx 000 0 und d | ||
| 082 | |a 781.629592 | ||
| 082 | |b D121 | ||
| 245 | 0 | |a Dân ca của người Tà Ôi | |
| 245 | 0 | |c Trần Nguyễn Khánh Phong (sưu tầm, nghiên cứu) | |
| 260 | |a Hà Nội | ||
| 260 | |b Hội nhà văn | ||
| 260 | |c 2016 | ||
| 520 | |a Giới thiệu di sản văn hóa phi vật thể phong phú và đa dạng của người Tà Ôi. Gồm nhiều thể loại như ca dao, câu đố, đồng giao, tục ngữ,...trong đó dân ca luôn hiện diện ở mọi nơi trong cộng đồng Tà Ôi | ||
| 650 | |a Âm nhạc dân gian,Folk music | ||
| 650 | |x Lịch sử và phê bình,History and criticism | ||
| 650 | |z Việt Nam,Vietnam | ||
| 904 | |i Yến (Nguyên) | ||
| 980 | |a Trung tâm Học liệu Trường Đại học Cần Thơ | ||